Southville International School and Colleges
Your cart is empty.
  • Cart
  • Lists
    Public lists Eva Luna New books Lux_list list_1
    Your lists Log in to create your own lists
  • Log in to your account
  • Your cookies
  • Search history
Southville International School and Colleges
  • Advanced search
  • Recent comments
  • Most popular
  • Libraries

Log in to your account

Log in with GOOGLE


If you do not have an external account, but do have a local account, you can still log in:

  1. Home
  2. MARC view: Cruise tourism /
Normal view MARC view ISBD view

Cruise tourism / (Record no. 363177)

[ view plain ]
MARC details
000 -LEADER
fixed length control field 00583nam a2200229Ia 4500
008 - FIXED-LENGTH DATA ELEMENTS--GENERAL INFORMATION
fixed length control field 200601s9999 xx 000 0 und d
020 ## - INTERNATIONAL STANDARD BOOK NUMBER
International Standard Book Number 978-621-406-223-2
050 ## - LIBRARY OF CONGRESS CALL NUMBER
Classification number FIL GS 50
050 ## - LIBRARY OF CONGRESS CALL NUMBER
Item number .E83 2019
100 ## - MAIN ENTRY--PERSONAL NAME
Personal name Escabillas, Aisha Janine.
245 #0 - TITLE STATEMENT
Title Cruise tourism /
245 #0 - TITLE STATEMENT
Statement of responsibility, etc Aisha Janine Escabillas.
260 ## - PUBLICATION, DISTRIBUTION, ETC. (IMPRINT)
Place of publication, distribution, etc Manila :
260 ## - PUBLICATION, DISTRIBUTION, ETC. (IMPRINT)
Name of publisher, distributor, etc Mindshapers,
260 ## - PUBLICATION, DISTRIBUTION, ETC. (IMPRINT)
Date of publication, distribution, etc 2019
300 ## - PHYSICAL DESCRIPTION
Extent 119 pages :
300 ## - PHYSICAL DESCRIPTION
Other physical details illustrations ;
300 ## - PHYSICAL DESCRIPTION
Dimensions 25 cm.
500 ## - GENERAL NOTE
General note Includes bibliographical references.
650 ## - SUBJECT ADDED ENTRY--TOPICAL TERM
Topical term or geographic name as entry element Ocean travel.
650 ## - SUBJECT ADDED ENTRY--TOPICAL TERM
General subdivision Cruise ships.
Holdings
Withdrawn status Lost status Damaged status Home library Current library Shelving location Date acquired Cost, normal purchase price Total Checkouts Full call number Barcode Date last seen Price effective from Koha item type
      South Mansfield College South Mansfield College Filipiniana Section 01/17/2020 350.00   FIL GS 50 .E83 2019 SMC06340 06/01/2020 06/01/2020  

Cruise tourism /

APA

Escabillas A. J., .Cruise tourism. Manila: .

Chicago

Escabillas Aisha Janine, .Cruise tourism. Manila: .

Harvard

Escabillas A. J., .Cruise tourism. Manila: .

MLA

Escabillas Aisha Janine, .Manila: . .

  • Place hold
  • Print
  • Cite
  • Add to your cart (remove)
  • Save record
    BIBTEX Dublin Core MARCXML MARC (non-Unicode/MARC-8) MARC (Unicode/UTF-8) MARC (Unicode/UTF-8, Standard) MODS (XML) RIS
  • More searches
    Search for this title in:
    Other Libraries (WorldCat) Other Databases (Google Scholar) Online Stores (Bookfinder.com) Open Library (openlibrary.org)

Exporting to Dublin Core...

SOUTHVILLE LIBRARY

Southville International School and Colleges Library

1281 Tropical Ave. Cor. Luxembourg St., BF Homes International, Las Pinas City

Tel. No. 8256374 / 252358 Loc. 117/146

Powered by Koha